| 000 | 00724cam a2200265 i 4500 | ||
|---|---|---|---|
| 001 | 3683407 | ||
| 003 | LC | ||
| 005 | 20160317141417.0 | ||
| 008 | 781201s1979 nyu 000 1 eng | ||
| 010 | _a 78027120 | ||
| 020 | _a0671685635 | ||
| 040 |
_aDLC _cDLC _dDLC _dOCoLC |
||
| 050 | 0 | 0 |
_aPZ 4 _b.St912 1980 |
| 082 | 0 | 0 |
_aFIC _bSt8g 1979 |
| 100 | 1 |
_aStraub, Peter, _d1943- _919034 |
|
| 245 | 1 | 0 |
_aGhost story / _cPeter Straub. |
| 250 | _a1st ed. | ||
| 260 |
_aNew York : _bCoward, McCann & Geoghegan, Inc., _cc1980. |
||
| 300 |
_a567p. : _c17 cm. |
||
| 650 |
_aFiction. _9746 |
||
| 655 | 7 |
_aHorror tales. _2gsafd _94301 |
|
| 906 |
_a7 _bcbc _corignew _d1 _eocip _f19 _gy-gencatlg |
||
| 942 |
_2lcc _cBK |
||
| 999 |
_c11130 _d11130 |
||